000 00640nam a2200241Ia 4500
005 20240422134300.0
008 140110s9999 xx 000 0 und d
020 _a9789380599526
_cRs.225.00
040 _aLoreto College
041 _aEnglish
082 _a519
_bGUP
100 _aGupta,Amritava
245 _aGroundwork of Mathematical Probability and Statistics
_cAmritava Gupta
250 _a6th ed.
260 _aKolkata
_bAcademic Publishers
_c2012
300 _a369p
504 _aIncludes index
630 _aStatistics
650 _aProbabilities
651 _aStatistical mathematics
850 _aLCLIB
942 _cBK
999 _c38155
_d88634